[Event "British Chess Championships 2023: U14 Championship"]
[Site "The Venue, De Montfort University, 20 Western Boulevard, Leicester, LE2 7BU"]
[Date "2023.07.26"]
[Round "2"]
[Board "20"]
[White "Chapman, Luke"]
[Black "Eccleston, Bryony"]
[Result "1/2-1/2"]
[WhiteElo "1344"]
[BlackElo "1017"]
[PlyCount "84"]
[EventDate "2023.07.25"]
[EventRounds "7"]
[EventCountry "ENG"]

1. e4 e5 2. Nc3 Nf6 3. f4 d6 4. Nf3 Nbd7 5. Bc4 h6 6. O-O c6 7. fxe5 Nxe5 8. Nxe5
dxe5 9. Bb3 Be7 10. d3 O-O 11. Qf3 Ng4 12. h3 Bc5+ 13. Kh1 Qh4 14. Nd1 Nf6 15. Be3
Bxe3 16. Nxe3 Be6 17. Nf5 Bxf5 18. Qxf5 Qh5 19. Kh2 Qxf5 20. Rxf5 Nd7 21. Raf1 Nf6
22. Rxe5 a5 23. a3 Rfe8 24. Rff5 Rxe5 25. Rxe5 a4 26. Ba2 Re8 27. Rxe8+ Nxe8 28.
Kg3 g5 29. Kg4 Ng7 30. d4 Kf8 31. d5 Ke7 32. c4 cxd5 33. cxd5 Kd6 34. b4 axb3 35.
Bxb3 Ke5 36. h4 f6 37. Bc2 Kd6 38. hxg5 hxg5 39. Kf3 Ke5 40. Ke3 Kd6 41. g4 Ne8 42.
Ba4 Ng7  1/2-1/2

[Event "British Chess Championships 2023: U14 Championship"]
[Site "The Venue, De Montfort University, 20 Western Boulevard, Leicester, LE2 7BU"]
[Date "2023.07.26"]
[Round "2"]
[Board "21"]
[White "Ajaykumar, Arav"]
[Black "Walia, Michael Kanishk"]
[Result "0-1"]
[WhiteElo "1289"]
[BlackElo "1374"]
[PlyCount "80"]
[EventDate "2023.07.25"]
[EventRounds "7"]
[EventCountry "ENG"]

1. e4 e6 2. d4 d5 3. exd5 exd5 4. Nf3 Nf6 5. Nc3 c6 6. Be2 Bd6 7. O-O O-O 8. Bg5
Bg4 9. Ne5 Bxe2 10. Qxe2 Re8 11. Bxf6 Qxf6 12. f4 Qf5 13. Qd2 f6 14. Rae1 Qh5 15.
Nf3 Nd7 16. Ne2 Nb6 17. b3 Nd7 18. h3 Nf8 19. c4 a5 20. c5 Bc7 21. a3 Qf7 22. Nc3
Ng6 23. f5 Nf4 24. Rxe8+ Rxe8 25. Nh2 Nh5 26. g4 Ng3 27. Rf3 Ne4 28. Nxe4 dxe4 29.
Rc3 Qd5 30. Qe3 Rd8 31. Rc4 b5 32. cxb6 Bxb6 33. Qc1 Bxd4+ 34. Rxd4 Qxd4+ 35. Kf1
Qd3+ 36. Ke1 Qg3+ 37. Kf1 Qxh2 38. Qc4+ Kh8 39. Ke1 Qh1+ 40. Ke2 Qf3+  0-1

[Event "British Chess Championships 2023: U14 Championship"]
[Site "The Venue, De Montfort University, 20 Western Boulevard, Leicester, LE2 7BU"]
[Date "2023.07.26"]
[Round "2"]
[Board "22"]
[White "Miler, Jakub"]
[Black "Sadhra, Yuvraj"]
[Result "0-1"]
[WhiteElo "1100"]
[BlackElo "1426"]
[PlyCount "44"]
[EventDate "2023.07.25"]
[EventRounds "7"]
[EventCountry "ENG"]

1. e4 e5 2. Nf3 Nc6 3. Bc4 Bc5 4. O-O d6 5. Nc3 Nf6 6. d3 Bg4 7. Bg5 Nd4 8. Bxf6
gxf6 9. a3 Rg8 10. Kh1 Nxf3 11. gxf3 Bh5 12. Qe2 Qd7 13. Nd5 Qd8 14. b4 c6 15. bxc5
cxd5 16. Bb5+ Ke7 17. exd5 dxc5 18. Bc4 Qd7 19. c3 Qh3 20. Rg1 Bxf3+ 21. Qxf3 Qxf3+
22. Rg2 Qxg2#  0-1

[Event "British Chess Championships 2023: U14 Championship"]
[Site "The Venue, De Montfort University, 20 Western Boulevard, Leicester, LE2 7BU"]
[Date "2023.07.26"]
[Round "2"]
[Board "23"]
[White "Gadiot, Ashton"]
[Black "Tagg, Ann"]
[Result "1-0"]
[WhiteElo "1312"]
[BlackElo "1133"]
[PlyCount "100"]
[EventDate "2023.07.25"]
[EventRounds "7"]
[EventCountry "ENG"]

1. e4 e5 2. Nc3 Nc6 3. Bc4 Bc5 4. Qg4 g6 5. Qd1 Nf6 6. d3 d6 7. Bg5 h6 8. Bh4 g5
9. Bg3 Be6 10. Bxe6 fxe6 11. h4 gxh4 12. Bxh4 Qe7 13. Qf3 Rf8 14. Nge2 O-O-O 15.
O-O-O Qg7 16. Qh3 Rde8 17. Bxf6 Rxf6 18. f3 Kb8 19. Kb1 d5 20. exd5 exd5 21. Nxd5
Rd6 22. Ndc3 Nd4 23. Nxd4 Bxd4 24. Nb5 Rd5 25. Nxd4 Rxd4 26. Qxh6 Qxg2 27. Qh5 Rdd8
28. Qg4 Qxg4 29. fxg4 Rg8 30. Rhg1 Rd4 31. g5 Rgd8 32. Rdf1 R4d5 33. g6 Rg8 34. g7
Rd7 35. Rf2 Rdxg7 36. Rxg7 Re8 37. Rff7 a6 38. Rxc7 e4 39. Rxb7+ Ka8 40. Ra7+ Kb8
41. Rgb7+ Kc8 42. Ra8+ Kxb7 43. Rxe8 e3 44. Rxe3 a5 45. Re6 Kc7 46. Ra6 a4 47. Rxa4
Kb6 48. Rh4 Kc5 49. d4+ Kb6 50. Rh5 Kb7  1-0

[Event "British Chess Championships 2023: U14 Championship"]
[Site "The Venue, De Montfort University, 20 Western Boulevard, Leicester, LE2 7BU"]
[Date "2023.07.26"]
[Round "2"]
[Board "24"]
[White "Merchant, Sebastian"]
[Black "Pannu, Mya"]
[Result "1-0"]
[WhiteElo "1391"]
[BlackElo "1041"]
[PlyCount "91"]
[EventDate "2023.07.25"]
[EventRounds "7"]
[EventCountry "ENG"]

1. d4 d5 2. Nc3 Nf6 3. Bf4 Bf5 4. e3 Nc6 5. a3 e6 6. f3 Bd6 7. Nge2 e5 8. dxe5 Bxe5
9. Bxe5 Nxe5 10. Nf4 c6 11. g4 g5 12. Nd3 Bxd3 13. Bxd3 d4 14. exd4 Qxd4 15. Qe2
O-O 16. O-O-O Qf4+ 17. Kb1 Rfe8 18. Qg2 Re6 19. Be2 Ng6 20. Qg3 Re3 21. Qxf4 Nxf4
22. Bc4 Rxf3 23. Rhe1 Kf8 24. Re5 Ne6 25. Bxe6 fxe6 26. Rxg5 Rh3 27. Rf1 Rh6 28.
Ne4 Kf7 29. Rh5 Rxh5 30. gxh5 Ke7 31. Rxf6 a6 32. Kc1 Rf8 33. Rxf8 Kxf8 34. Kd2 Ke7
35. Ke3 e5 36. Ng5 h6 37. Nf3 Kf6 38. Ke4 a5 39. h4 Ke6 40. Nxe5 Ke7 41. Ng4 Kd6
42. Nxh6 Ke7 43. Kf5 Kf8 44. Ke6 Kg7 45. Nf5+ Kf8 46. h6  1-0

[Event "British Chess Championships 2023: U14 Championship"]
[Site "The Venue, De Montfort University, 20 Western Boulevard, Leicester, LE2 7BU"]
[Date "2023.07.26"]
[Round "3"]
[Board "1"]
[White "Larchikov, Maksym"]
[Black "Spirling, Florence"]
[Result "1-0"]
[WhiteElo "1859"]
[BlackElo "1180"]
[PlyCount "97"]
[EventDate "2023.07.25"]
[EventRounds "7"]
[EventCountry "ENG"]

1. d4 Nf6 2. c4 c5 3. d5 d6 4. Nc3 g6 5. e4 Bg7 6. f4 Bg4 7. Be2 Bxe2 8. Qxe2 Nbd7
9. e5 dxe5 10. fxe5 Ng8 11. Nf3 Nf8 12. O-O h6 13. Be3 b6 14. Rad1 Qb8 15. Bf4 Qb7
16. e6 fxe6 17. dxe6 Qc6 18. Nb5 Nxe6 19. Rfe1 Nxf4 20. Qe3 g5 21. Rd6 Qb7 22. Rg6
Kf8 23. Nh4 Bf6 24. Rd1 Rh7 25. Rd2 Nxg6 26. Nxg6+ Kf7 27. Qd3 Rg7 28. Nh8+ Ke8 29.
Qe2 Kf8 30. Qe6 a6 31. Rd7 Qc8 32. Nc7 Ra7 33. Qc6 Rxc7 34. Rxc7 Qd8 35. Rc8 e5 36.
Rxd8+ Bxd8 37. Ng6+ Kf7 38. Nxe5+ Kf8 39. Qd6+ Ke8 40. Qe6+ Kf8 41. Nd7+ Rxd7 42.
Qxd7 Be7 43. Qc8+ Kf7 44. Qxa6 Bd8 45. Qb7+ Ne7 46. Qd7 Kf6 47. Qxd8 Ke6 48. Qxb6+
Kd7 49. Qxh6  1-0

[Event "British Chess Championships 2023: U14 Championship"]
[Site "The Venue, De Montfort University, 20 Western Boulevard, Leicester, LE2 7BU"]
[Date "2023.07.26"]
[Round "3"]
[Board "2"]
[White "Malik, Hunain"]
[Black "Cancedda-Dupuis, Livio"]
[Result "0-1"]
[WhiteElo "1675"]
[BlackElo "1656"]
[PlyCount "50"]
[EventDate "2023.07.25"]
[EventRounds "7"]
[EventCountry "ENG"]

1. e4 c5 2. Nf3 e6 3. d4 cxd4 4. Nxd4 Nc6 5. Nc3 a6 6. Be3 Bb4 7. Qd2 Nf6 8. f3 d5
9. exd5 Nxd5 10. Nb3 Qf6 11. Bd4 e5 12. Bf2 Be6 13. a3 Bxc3 14. bxc3 Rd8 15. Bd3
Nf4 16. Nc5 Nxg2+ 17. Kd1 Qxf3+ 18. Kc1 Nf4 19. Rd1 Nxd3+ 20. cxd3 Bf5 21. d4 exd4
22. Qe1+ Kf8 23. Bxd4 Nxd4 24. cxd4 b6 25. Na4 Rc8+  0-1

[Event "British Chess Championships 2023: U14 Championship"]
[Site "The Venue, De Montfort University, 20 Western Boulevard, Leicester, LE2 7BU"]
[Date "2023.07.26"]
[Round "3"]
[Board "3"]
[White "Welling, Zac"]
[Black "Roul, Tushar"]
[Result "1-0"]
[WhiteElo "1661"]
[BlackElo "1545"]
[PlyCount "77"]
[EventDate "2023.07.25"]
[EventRounds "7"]
[EventCountry "ENG"]

1. e4 c6 2. d4 d5 3. Nd2 dxe4 4. Nxe4 Nf6 5. Nxf6+ exf6 6. c3 Bd6 7. Bd3 O-O 8. Qc2
Re8+ 9. Ne2 h5 10. O-O h4 11. h3 Nd7 12. Bd2 Nf8 13. Rae1 Be6 14. Nf4 Qc7 15. Nh5
Bd7 16. Qc1 Rxe1 17. Rxe1 Qd8 18. Bf4 Bxf4 19. Qxf4 Qa5 20. Qxh4 Ng6 21. Bxg6 fxg6
22. Ng3 Re8 23. Rxe8+ Bxe8 24. Qe4 Bf7 25. a3 Qd5 26. Qxd5 Bxd5 27. f3 a5 28. Ne4
b5 29. Kf2 Kf7 30. Ke3 a4 31. h4 f5 32. Ng5+ Kf6 33. Kf4 Bg8 34. g4 Bd5 35. Nh3 Bc4
36. Nf2 Bf1 37. Nd1 Bc4 38. Ne3 fxg4 39. Nxg4+  1-0

[Event "British Chess Championships 2023: U14 Championship"]
[Site "The Venue, De Montfort University, 20 Western Boulevard, Leicester, LE2 7BU"]
[Date "2023.07.26"]
[Round "3"]
[Board "4"]
[White "Swiatkowski, Dominik"]
[Black "Zhu, Pengxiao"]
[Result "1/2-1/2"]
[WhiteElo "1361"]
[BlackElo "1487"]
[PlyCount "92"]
[EventDate "2023.07.25"]
[EventRounds "7"]
[EventCountry "ENG"]

1. e4 e5 2. Nf3 Nc6 3. d4 exd4 4. Nxd4 Bc5 5. Be3 Qf6 6. c3 Nge7 7. Bc4 Ne5 8. Be2
Qg6 9. O-O O-O 10. f3 d5 11. Nd2 Bd7 12. Kh1 dxe4 13. Nxe4 Nd5 14. Bf2 Bb6 15. Bg3
Nc6 16. Bf2 f5 17. Bc4 Nce7 18. Ng3 f4 19. Re1 Kh8 20. Bd3 Qh6 21. Ne4 Bxd4 22. Bxd4
Nf5 23. Nc5 Bc6 24. Ne6 Nfe3 25. Nxg7 Rf6 26. Nf5 Nxf5 27. Bxf5 Ne3 28. Qd3 Rg8 29.
Bxf6+ Qxf6 30. Bh3 Rd8 31. Qe2 Qh4 32. Rad1 Rxd1 33. Rxd1 Nxd1 34. Qxd1 Bxf3 35.
gxf3 Qxh3 36. Qd8+ Kg7 37. Qxc7+ Kg6 38. Qd6+ Kg5 39. Qe7+ Kg6 40. Qe4+ Kg5 41. Qe2
Qf5 42. Kg2 Kf6 43. Qd2 Qg5+ 44. Kh1 Qe5 45. Qd8+ Kg6 46. Qd3+ Kf6  1/2-1/2

[Event "British Chess Championships 2023: U14 Championship"]
[Site "The Venue, De Montfort University, 20 Western Boulevard, Leicester, LE2 7BU"]
[Date "2023.07.26"]
[Round "3"]
[Board "5"]
[White "Gulijevs, Eldars"]
[Black "Gorskovs, Andrejs"]
[Result "1-0"]
[WhiteElo "1845"]
[BlackElo "1414"]
[PlyCount "61"]
[EventDate "2023.07.25"]
[EventRounds "7"]
[EventCountry "ENG"]

1. e4 e5 2. Nf3 Nc6 3. Bc4 Nf6 4. O-O Nxe4 5. d4 d5 6. Bb5 exd4 7. Nxd4 Bd7 8. Re1
Nxd4 9. Bxd7+ Qxd7 10. Qxd4 Bc5 11. Qxc5 O-O-O 12. Qxa7 Qf5 13. Nc3 Rde8 14. Nxe4
Rxe4 15. Rxe4 Qxe4 16. Be3 Re8 17. Qa8+ Kd7 18. Qxb7 f5 19. Rd1 Re5 20. Rd4 Qxc2
21. Rxd5+ Rxd5 22. Qxd5+ Kc8 23. Qg8+ Kd7 24. Qxg7+ Ke6 25. Qh6+ Kd5 26. h3 c5 27.
Qxh7 c4 28. Qd7+ Ke5 29. f4+ Kf6 30. Bd4+ Kg6 31. Qg7+  1-0

[Event "British Chess Championships 2023: U14 Championship"]
[Site "The Venue, De Montfort University, 20 Western Boulevard, Leicester, LE2 7BU"]
[Date "2023.07.26"]
[Round "3"]
[Board "6"]
[White "Blades, Kit"]
[Black "Kathuria, Dhruv"]
[Result "1-0"]
[WhiteElo "1689"]
[BlackElo "1313"]
[PlyCount "117"]
[EventDate "2023.07.25"]
[EventRounds "7"]
[EventCountry "ENG"]

1. e4 e5 2. Nf3 Nc6 3. d4 exd4 4. Nxd4 Bc5 5. Be3 Qf6 6. c3 Nge7 7. Bc4 d5 8. Bxd5
Nxd5 9. exd5 Ne5 10. Nf3 Bxe3 11. fxe3 Bg4 12. Qa4+ Bd7 13. Qe4 O-O-O 14. Qxe5 Qb6
15. O-O Qxb2 16. Nbd2 Rhe8 17. Qd4 b6 18. Nc4 Qc2 19. Nfe5 Bb5 20. Na3 Qb2 21. Nxb5
Qxb5 22. Nc6 Qe2 23. Nxd8 Kxd8 24. Rxf7 h5 25. Qf4 Qxe3+ 26. Qxe3 Rxe3 27. Rf3 Re5
28. Kf2 Rxd5 29. Ke2 Ke7 30. Re3+ Kf6 31. Rd1 Rb5 32. Kd3 Rd5+ 33. Kc2 Ra5 34. Kb2
Rb5+ 35. Kc1 Ra5 36. Rd2 Rc5 37. Rf3+ Ke5 38. Rg3 Kf6 39. Rf2+ Ke6 40. Rg6+ Kd7 41.
Rxg7+ Kc8 42. Rg6 Kd7 43. Kd2 Rd5+ 44. Ke3 Rc5 45. Kd4 Ra5 46. Rf7+ Kc8 47. Rgg7
Rc5 48. Re7 a6 49. Re5 Rc6 50. Rxh5 Rd6+ 51. Rd5 Rh6 52. Rdd7 Rc6 53. Rd5 Rh6 54.
Rdd7 Rc6 55. h4 b5 56. h5 Kb8 57. Rxc7 Rxc7 58. Rxc7 Kxc7 59. h6  1-0

[Event "British Chess Championships 2023: U14 Championship"]
[Site "The Venue, De Montfort University, 20 Western Boulevard, Leicester, LE2 7BU"]
[Date "2023.07.26"]
[Round "3"]
[Board "7"]
[White "Bhatia, Kanishka"]
[Black "Parikh, Naavya"]
[Result "1-0"]
[WhiteElo "1592"]
[BlackElo "1517"]
[PlyCount "93"]
[EventDate "2023.07.25"]
[EventRounds "7"]
[EventCountry "ENG"]

1. e4 e5 2. Bc4 Nc6 3. Nc3 Nf6 4. Nf3 Bc5 5. O-O d6 6. h3 O-O 7. d3 h6 8. Be3 Bb6
9. a3 Be6 10. Ba2 Bxa2 11. Rxa2 Ne7 12. Ne2 Ng6 13. Ng3 c6 14. d4 exd4 15. Bxd4 Re8
16. Re1 Bxd4 17. Qxd4 Qd7 18. Raa1 Ne5 19. Nxe5 dxe5 20. Qxd7 Nxd7 21. Rad1 Rad8
22. Rd6 Nf6 23. Red1 Rxd6 24. Rxd6 Re7 25. Rd8+ Kh7 26. f3 g6 27. Kf1 Rd7 28. Rc8
Kg7 29. Ra8 b6 30. Rc8 c5 31. Ke1 Ng8 32. Ne2 Ne7 33. Ra8 Nc6 34. Rc8 Ne7 35. Ra8
Nc6 36. g4 Kf6 37. h4 Na5 38. Nc3 Nc4 39. Nd5+ Kg7 40. g5 Nxb2 41. Nf6 Rd1+ 42. Kf2
Rd2+ 43. Kg3 hxg5 44. hxg5 Rd8 45. Rxd8 Nc4 46. Kh2 Nxa3 47. Rg8#  1-0

[Event "British Chess Championships 2023: U14 Championship"]
[Site "The Venue, De Montfort University, 20 Western Boulevard, Leicester, LE2 7BU"]
[Date "2023.07.26"]
[Round "3"]
[Board "8"]
[White "Sharma, Rishan"]
[Black "Mittal, Aditya"]
[Result "0-1"]
[WhiteElo "1370"]
[BlackElo "1421"]
[PlyCount "90"]
[EventDate "2023.07.25"]
[EventRounds "7"]
[EventCountry "ENG"]

1. e4 e6 2. d3 d5 3. Nd2 Nf6 4. Ngf3 Bc5 5. g3 Ng4 6. d4 Be7 7. h3 Nf6 8. exd5 exd5
9. Bg2 O-O 10. O-O Bf5 11. Re1 c6 12. Ne5 Nbd7 13. g4 Be6 14. f4 Nxe5 15. dxe5 Bc5+
16. Kh1 Nxg4 17. Re2 Nf2+ 18. Rxf2 Bxf2 19. Qf3 Qh4 20. f5 Bd7 21. Nf1 Bd4 22. Bf4
Qf2 23. Ng3 Qxf3 24. Bxf3 Rae8 25. Re1 Bf2 26. Re2 Bxg3 27. Bxg3 Bxf5 28. Kh2 f6
29. c3 fxe5 30. Rxe5 Rxe5 31. Bxe5 Re8 32. Bd4 b6 33. c4 Be4 34. Be2 dxc4 35. Bxc4+
Bd5 36. Bxd5+ cxd5 37. Kg3 Re4 38. Bc3 g6 39. Kf3 Kf7 40. a3 Ke6 41. b4 Kd6 42. a4
a6 43. a5 bxa5 44. bxa5 Kc5 45. Bg7 Kb4  0-1

[Event "British Chess Championships 2023: U14 Championship"]
[Site "The Venue, De Montfort University, 20 Western Boulevard, Leicester, LE2 7BU"]
[Date "2023.07.26"]
[Round "3"]
[Board "9"]
[White "Walia, Michael Kanishk"]
[Black "Xu, Jiarui"]
[Result "1-0"]
[WhiteElo "1374"]
[BlackElo "1642"]
[PlyCount "55"]
[EventDate "2023.07.25"]
[EventRounds "7"]
[EventCountry "ENG"]

1. e4 e5 2. Nf3 Nc6 3. Bc4 Bc5 4. c3 Nf6 5. d3 O-O 6. Nbd2 d6 7. Bb3 Be6 8. O-O Re8
9. Re1 a6 10. Nf1 h6 11. Ng3 Ba7 12. Rf1 d5 13. Qe2 d4 14. Nh4 Qd7 15. Nhf5 Ne7 16.
Nh5 Rad8 17. c4 Kh7 18. Nxe7 Rxe7 19. h3 Bxh3 20. gxh3 Qxh3 21. Ng3 Ng4 22. Re1 Nf6
23. Qf1 Qxf1+ 24. Kxf1 Ng8 25. Bd2 g6 26. Kg2 Kg7 27. Rg1 Re6 28. Kf1  1-0

[Event "British Chess Championships 2023: U14 Championship"]
[Site "The Venue, De Montfort University, 20 Western Boulevard, Leicester, LE2 7BU"]
[Date "2023.07.26"]
[Round "3"]
[Board "10"]
[White "Catabay, Mae C"]
[Black "Leung, Hao Ran"]
[Result "1/2-1/2"]
[WhiteElo "1579"]
[BlackElo "1432"]
[PlyCount "104"]
[EventDate "2023.07.25"]
[EventRounds "7"]
[EventCountry "ENG"]

1. d4 Nf6 2. Nf3 e6 3. Bg5 d5 4. e3 Be7 5. Bd3 c5 6. c3 Nbd7 7. Nbd2 c4 8. Bc2 Qc7
9. Qe2 h6 10. Bf4 Bd6 11. Bg3 b5 12. O-O Bxg3 13. hxg3 Bb7 14. e4 dxe4 15. Nxe4 Nd5
16. Rfe1 O-O 17. Qd2 Rfe8 18. Rad1 f5 19. Nc5 Nxc5 20. dxc5 Qxc5 21. Re5 Qb6 22.
Rde1 Nf6 23. Nd4 Bd5 24. Nxf5 Ng4 25. R5e2 Rad8 26. Qf4 h5 27. Qg5 Qb7 28. Nd4 e5
29. Qg6 Bf7 30. Qh7+ Kf8 31. Qh8+ Bg8 32. Bh7 Qf7 33. Bxg8 Qxg8 34. Qxg8+ Kxg8 35.
f3 Nf6 36. Rxe5 a6 37. Kf1 Kf7 38. Rc5 Rxe1+ 39. Kxe1 Rd6 40. Rc7+ Kg6 41. Ke2 Nd5
42. Rc6 Rxc6 43. Nxc6 Kf5 44. Nb8 b4 45. Kd2 a5 46. Nc6 bxc3+ 47. bxc3 a4 48. Na5
Nb6 49. Ke3 Ke5 50. Nc6+ Kd6 51. Nd4 Nd5+ 52. Kd2 g5  1/2-1/2

[Event "British Chess Championships 2023: U14 Championship"]
[Site "The Venue, De Montfort University, 20 Western Boulevard, Leicester, LE2 7BU"]
[Date "2023.07.26"]
[Round "3"]
[Board "11"]
[White "Rastogi, Nayan Keats"]
[Black "Gadiot, Ashton"]
[Result "1-0"]
[WhiteElo "1540"]
[BlackElo "1312"]
[PlyCount "93"]
[EventDate "2023.07.25"]
[EventRounds "7"]
[EventCountry "ENG"]

1. e4 e6 2. d4 d5 3. e5 c5 4. c3 Nc6 5. Nf3 Bd7 6. Be2 cxd4 7. cxd4 Bb4+ 8. Nc3
Qa5 9. Bd2 f6 10. a3 Bxc3 11. Bxc3 Qd8 12. b4 Rc8 13. Qd2 fxe5 14. Nxe5 Nf6 15. Nxc6
Bxc6 16. f3 Rc7 17. b5 Bd7 18. Ba5 b6 19. Bb4 Qc8 20. Bd3 Kf7 21. O-O Re8 22. Bd6
Rb7 23. Rfc1 Qd8 24. Be5 h6 25. Qc2 Rh8 26. Qd2 Qe7 27. Rc3 Rc8 28. Rac1 Rxc3 29.
Rxc3 Be8 30. g4 Nd7 31. Qf4+ Kg8 32. Bd6 Qf6 33. Rc8 Qxf4 34. Bxf4 Nf6 35. Bg6 Kf8
36. Bd6+ Re7 37. Bxe7+ Kxe7 38. Bxe8 Nxe8 39. a4 e5 40. dxe5 d4 41. Ra8 d3 42. Kf2
g5 43. Ke3 Kf7 44. Kxd3 Ng7 45. Rxa7+ Kg6 46. Rxg7+ Kxg7 47. a5  1-0

[Event "British Chess Championships 2023: U14 Championship"]
[Site "The Venue, De Montfort University, 20 Western Boulevard, Leicester, LE2 7BU"]
[Date "2023.07.26"]
[Round "3"]
[Board "12"]
[White "Vaidyanathan, Sathya"]
[Black "Merchant, Sebastian"]
[Result "1-0"]
[WhiteElo "1465"]
[BlackElo "1391"]
[PlyCount "57"]
[EventDate "2023.07.25"]
[EventRounds "7"]
[EventCountry "ENG"]

1. b4 d5 2. Bb2 Bf5 3. e3 e6 4. c4 c6 5. a3 Nf6 6. Nf3 Bd6 7. c5 Bc7 8. d4 O-O 9.
Bd3 Bxd3 10. Qxd3 Nbd7 11. O-O Ne4 12. Nc3 Ndf6 13. h3 b6 14. Nd2 Nxd2 15. Qxd2 bxc5
16. dxc5 Qe7 17. Rfe1 a5 18. e4 Qd7 19. e5 Ne8 20. Ne4 Bd8 21. Nd6 Ra7 22. Bc3 axb4
23. axb4 Be7 24. Rxa7 Qxa7 25. Ra1 Qb8 26. Ra6 Qc7 27. Qa2 Bd8 28. Ra7 Qb8 29. Rb7
 1-0

[Event "British Chess Championships 2023: U14 Championship"]
[Site "The Venue, De Montfort University, 20 Western Boulevard, Leicester, LE2 7BU"]
[Date "2023.07.26"]
[Round "3"]
[Board "13"]
[White "Oh, Julie"]
[Black "Sohi, Aarav"]
[Result "1-0"]
[WhiteElo "1374"]
[BlackElo "1230"]
[PlyCount "57"]
[EventDate "2023.07.25"]
[EventRounds "7"]
[EventCountry "ENG"]

1. e4 c6 2. Nf3 d5 3. d3 dxe4 4. Ng5 exd3 5. Bxd3 e6 6. O-O Be7 7. Ne4 Nf6 8. Nxf6+
Bxf6 9. Nc3 O-O 10. Ne4 Nd7 11. Qh5 g6 12. Nxf6+ Qxf6 13. Qh6 Qg7 14. Qh4 Qf6 15.
Bg5 Qxb2 16. Rad1 Qxa2 17. Bc4 Qb2 18. Rxd7 Kg7 19. Bh6+ Kg8 20. Rd8 Bd7 21. Rxf8+
Rxf8 22. Bxf8 Kxf8 23. Qd8+ Kg7 24. Qxd7 Qxc2 25. Bxe6 Kh6 26. Qxf7 a5 27. Qf8+ Kh5
28. g4+ Kh4 29. Qh6#  1-0

[Event "British Chess Championships 2023: U14 Championship"]
[Site "The Venue, De Montfort University, 20 Western Boulevard, Leicester, LE2 7BU"]
[Date "2023.07.26"]
[Round "3"]
[Board "14"]
[White "Sadhra, Yuvraj"]
[Black "Thomas, James"]
[Result "0-1"]
[WhiteElo "1426"]
[BlackElo "1588"]
[PlyCount "122"]
[EventDate "2023.07.25"]
[EventRounds "7"]
[EventCountry "ENG"]

1. e4 e6 2. Nf3 d5 3. d3 dxe4 4. dxe4 Qxd1+ 5. Kxd1 Bc5 6. Bf4 Nf6 7. Nc3 Ng4 8.
Bg3 Nxf2+ 9. Bxf2 Bxf2 10. Bc4 Nc6 11. Rf1 Bb6 12. Ke2 Bd7 13. Rad1 Rd8 14. Bb5 O-O
15. Rd2 a6 16. Ba4 Bc8 17. Bxc6 bxc6 18. Rxd8 Rxd8 19. Ne5 a5 20. Nxf7 Ba6+ 21. Ke1
Rf8 22. Nh6+ gxh6 23. Rf3 Rxf3 24. gxf3 Bd4 25. Kd2 Bxc3+ 26. Kxc3 e5 27. Kd2 Kg7
28. Ke3 Bc4 29. a3 a4 30. f4 c5 31. fxe5 Be6 32. c3 Kg6 33. Kf4 Kh5 34. Kg3 Kg5 35.
Kf3 Kh4 36. Kg2 Kg4 37. Kf2 Kf4 38. Ke2 Kxe4 39. Ke1 Kxe5 40. Ke2 Ke4 41. Ke1 Ke3
42. Kf1 Kd2 43. Kf2 Kc2 44. Ke3 Kxb2 45. Kd2 Kxa3 46. Kc2 Ka2 47. h4 a3 48. h5 Ka1
49. c4 Bxc4 50. Kc1 Bb3 51. Kd2 Kb2 52. Ke2 a2 53. Kf3 a1=Q 54. Ke2 Qa4 55. Kf1 Qe4
56. Kf2 c4 57. Kf1 c3 58. Kg1 c2 59. Kh2 c1=Q 60. Kh3 Qee3+ 61. Kh2 Qc2+  0-1

[Event "British Chess Championships 2023: U14 Championship"]
[Site "The Venue, De Montfort University, 20 Western Boulevard, Leicester, LE2 7BU"]
[Date "2023.07.26"]
[Round "3"]
[Board "15"]
[White "Kalaiyalahan, Aishwarya"]
[Black "Dissanayake, Sathsara"]
[Result "1-0"]
[WhiteElo "1389"]
[BlackElo "1497"]
[PlyCount "111"]
[EventDate "2023.07.25"]
[EventRounds "7"]
[EventCountry "ENG"]

1. d4 d5 2. c4 e6 3. e3 Nf6 4. Nc3 c5 5. Nf3 Nc6 6. Bd3 Be7 7. O-O O-O 8. b3 cxd4
9. exd4 a6 10. Bb2 Qc7 11. Qc2 Rd8 12. Ne2 Nb4 13. Qd2 Nxd3 14. Qxd3 dxc4 15. bxc4
e5 16. Qc3 exd4 17. Nexd4 Bg4 18. Rac1 Rac8 19. Rfe1 a5 20. a3 Bxf3 21. Qxf3 Bf8
22. Nb5 Qc6 23. Qf4 Nh5 24. Qh4 Qg6 25. Bc3 Nf6 26. Bxa5 Rd3 27. Rc3 Rxc3 28. Bxc3
Bc5 29. Bd4 Qf5 30. h3 g5 31. Qg3 Ne4 32. Qe3 Nf6 33. g4 Bxd4 34. Nxd4 Qc5 35. Rc1
Re8 36. Qd3 Rd8 37. Nb3 Rxd3 38. Nxc5 Rxh3 39. Nxb7 Rxa3 40. c5 Ra8 41. c6 Rc8 42.
Nd6 Rc7 43. Nb5 Rc8 44. c7 Ne8 45. Kg2 Kf8 46. Kf3 Ke7 47. Ke4 Nd6+ 48. Nxd6 Kxd6
49. Kf5 h6 50. Kf6 Rxc7 51. Rxc7 Kxc7 52. Kxf7 Kd6 53. Kf6 Kd5 54. Kg6 Ke4 55. Kxh6
Kf4 56. Kh5  1-0

[Event "British Chess Championships 2023: U14 Championship"]
[Site "The Venue, De Montfort University, 20 Western Boulevard, Leicester, LE2 7BU"]
[Date "2023.07.26"]
[Round "3"]
[Board "16"]
[White "Mitraka, Chrysa"]
[Black "Mehta, Sophie"]
[Result "1-0"]
[WhiteElo "1086"]
[BlackElo "1410"]
[PlyCount "75"]
[EventDate "2023.07.25"]
[EventRounds "7"]
[EventCountry "ENG"]

1. d4 Nf6 2. c4 e5 3. dxe5 Ng4 4. Bf4 Nc6 5. Nf3 Bb4+ 6. Nc3 Qe7 7. Qd5 Bc5 8. e3
Nb4 9. Qd1 Nc6 10. Nd5 Bb4+ 11. Nd2 Bxd2+ 12. Kxd2 Nxf2 13. Qf3 Nxe5 14. Qxf2 Qd6
15. Bxe5 Qxe5 16. Kc2 O-O 17. Bd3 c6 18. Nc3 d5 19. cxd5 cxd5 20. Qf4 Qxf4 21. exf4
Be6 22. f5 d4 23. Ne2 Rac8+ 24. Kd2 Bd5 25. Rhg1 Rfd8 26. g3 Bc6 27. Rac1 h6 28.
Rc4 Bd5 29. Rxc8 Rxc8 30. Rc1 Rxc1 31. Nxc1 a5 32. b3 f6 33. Bc4 Bxc4 34. bxc4 Kf7
35. Nb3 Ke7 36. Nxa5 b6 37. Nc6+ Kd6 38. Nxd4  1-0

[Event "British Chess Championships 2023: U14 Championship"]
[Site "The Venue, De Montfort University, 20 Western Boulevard, Leicester, LE2 7BU"]
[Date "2023.07.26"]
[Round "3"]
[Board "17"]
[White "Ananyev, Miron"]
[Black "Martin, Ryan"]
[Result "0-1"]
[WhiteElo "1525"]
[BlackElo "1354"]
[PlyCount "68"]
[EventDate "2023.07.25"]
[EventRounds "7"]
[EventCountry "ENG"]

1. e4 c5 2. Nf3 g6 3. d4 cxd4 4. Nxd4 Bg7 5. Nc3 Nc6 6. Be3 d6 7. Bb5 Bd7 8. Nxc6
bxc6 9. Be2 Nf6 10. O-O O-O 11. Qd2 Qc7 12. Bh6 Rab8 13. Bxg7 Kxg7 14. Rab1 c5 15.
Qd1 Rb6 16. Nd5 Nxd5 17. exd5 e5 18. Bg4 Bxg4 19. Qxg4 f5 20. Qe2 Qb7 21. c4 Qf7
22. Rfe1 Qb7 23. f4 e4 24. g4 Qf7 25. g5 Rh8 26. Qc2 Kg8 27. Qc3 Qg7 28. Qxg7+ Kxg7
29. Re3 h6 30. gxh6+ Rxh6 31. Kg2 Rh4 32. Ra3 Rg4+ 33. Kh3 Rb7 34. Ra6 Kf8  0-1